INFORME DEL EJERCICIO PROFESIONAL SUPERVISADO REALIZADO EN LA ASOCIACIÓN DE MINISTROS EVANGELICOS DEL NAZARENO – AMEN – E INVESTIGACION INFERENCIAL REALIZADA EN LA ZONA SANTA ISABEL, SAN LUIS, PETEN./ (Registro nro. 2273)
[ vista simple ]
| 000 -LEADER | |
|---|---|
| campo de control de longitud fija | 03391nam a22003257a 4500 |
| 001 - NÚMERO DE CONTROL | |
| campo de control | TZ 0033 |
| 003 - IDENTIFICADOR DE NÚMERO DE CONTROL | |
| campo de control | gtcocun |
| 005 - FECHA Y HORA DE LA ÚLTIMA TRANSACCIÓN | |
| campo de control | 20251007173821.0 |
| 006 - CÓDIGOS DE INFORMACIÓN DE LONGITUD FIJA--CARACTERÍSTICAS DEL MATERIAL ADICIONAL | |
| campo de control de longitud fija | a||||gr|||| 00| 0 |
| 007 - CAMPO FIJO DE DESCRIPCIÓN FÍSICA--INFORMACIÓN GENERAL | |
| campo de control de longitud fija | ta |
| 008 - DATOS DE LONGITUD FIJA--INFORMACIÓN GENERAL | |
| campo de control de longitud fija | 251007b2007 gt ||||| m||| 00| 0 eng d |
| 040 ## - FUENTE DE CATALOGACIÓN | |
| Centro catalogador/agencia de origen | gtcocun |
| Lengua de catalogación | SPA |
| Centro/agencia transcriptor | gtcocun |
| Normas de descripción | RDA |
| 041 ## - CÓDIGO DE IDIOMA | |
| Código de lengua del texto/banda sonora o título independiente | SPA TZ 0033 |
| 084 ## - OTRO NÚMERO DE CLASIFICACIÓN | |
| Número de control del registro de autoridad o número normalizado | TZ 0033 |
| 100 ## - ENTRADA PRINCIPAL--NOMBRE DE PERSONA | |
| Nombre de persona | Ligorria, Fernando Benjamín |
| Término indicativo de función/relación | Autor |
| 245 ## - MENCIÓN DEL TÍTULO | |
| Título | INFORME DEL EJERCICIO PROFESIONAL SUPERVISADO REALIZADO EN LA ASOCIACIÓN DE MINISTROS EVANGELICOS DEL NAZARENO – AMEN – E INVESTIGACION INFERENCIAL REALIZADA EN LA ZONA SANTA ISABEL, SAN LUIS, PETEN./ |
| Mención de responsabilidad, etc. | Fernando Benjamín Ligorria. |
| Medio | Impreso |
| 264 ## - PRODUCCIÓN, PUBLICACIÓN, DISTRIBUCIÓN, FABRICACIÓN Y COPYRIGHT | |
| Producción, publicación, distribución, fabricación y copyright | Cobán, Alta Verapaz: |
| Nombre del de productor, editor, distribuidor, fabricante | Universidad de San Carlos de Guatemala, Centro Universitario del Norte, Zootecnia |
| Fecha de producción, publicación, distribución, fabricación o copyright | 2007 |
| 300 ## - DESCRIPCIÓN FÍSICA | |
| Extensión | 48 p.: |
| Otras características físicas | Ilustraciones, gráficas. |
| Dimensiones | 28 cm; |
| 336 ## - TIPO DE CONTENIDO | |
| Fuente | rdacontenido |
| Término de tipo de contenido | Texto |
| Código de tipo de contenido | txt |
| 337 ## - TIPO DE MEDIO | |
| Fuente | rdamedio |
| Nombre/término del tipo de medio | Computadora |
| Código del tipo de medio | n |
| 338 ## - TIPO DE SOPORTE | |
| Fuente | rdasoporte |
| Nombre/término del tipo de soporte | Código en línea |
| Código del tipo de soporte | cr |
| 502 ## - NOTA DE TESIS | |
| identificador de la tesis | TZ 0033 |
| 502 ## - NOTA DE TESIS | |
| Nota de tesis | Tesis de grado |
| Tipo de título | Zootecnia, |
| Nombre de la institución que otorga el título | Universidad de San Carlos de Guatemala, Centro Universitario del Norte, Zootecnia |
| Año de obtención del título | 2007 |
| Identificador de la tesis | TZ 0033 |
| 520 14 - RESUMEN, ETC. | |
| Sumario, etc. | La Asociación de Ministros Evangélicos del Nazareno (AMEN) es una asociación que persigue el desarrollo de las comunidades. Dentro del plan de trabajo 2005-2006 se ejecutaron acciones que permitieron el logro de los objetivos trazados, de los cuales el EPS, tuvo actividades asignadas como:<br/><br/>Participación en capacitaciones para formación de promotores agropecuarios.<br/>Compra de aves de postura. Asistencia técnica a grupos comunitarios en proyectos de granos básicos. Perforación de pozos de agua. Entrega de molinos de nixtamal.<br/> Legalización de comités de mujeres a nivel municipal. Perfilación de proyectos productivos. Se realizó una investigación inferencial sobre el impacto de los<br/>proyectos ejecutados durante el periodo 2003 – 2006 con lo cual se proporciona información básica para tomar nuevas<br/>determinaciones.<br/><br/>Estas actividades fueron desarrolladas en el Distrito Nazareno del municipio de Fray Bartolomé de las Casas, en la zona denominada Santa Isabel, de los municipios de San Luís, Sayaxche del departamento de Petén y los municipios de Fray Bartolomé de las Casas, Chisec y Chahal del departamento de Alta Verapaz;<br/><br/>Entre los resultados más importantes se pueden mencionar: La formación de dos grupos de promotores agropecuarios, la dotación de 425 aves de postura a 31 familias beneficiarias, la gestión de 2,100 hectáreas de<br/>maíz para la segunda siembra en el año 2006, la construcción de cinco pozos<br/>de agua potable, la dotación de cinco molinos de nixtamal a grupos de<br/>mujeres beneficiarias, la legalización de cinco grupos de mujeres en comités,<br/>ante las municipalidades de San Luis Peten y Chisec A. V.; la perfilación de<br/>cinco proyectos, cuatro pecuarios uno de estufas mejoradas y la ejecución de<br/>la investigación del impacto de los proyectos de la asociación. |
| 650 14 - PUNTO DE ACCESO ADICIONAL DE MATERIA--TÉRMINO DE MATERIA | |
| Fuente del encabezamiento o término | LEMB |
| Término de materia o nombre geográfico como elemento de entrada | San Luis Peten. |
| Subdivisión general | Zootecnia |
| -- | Ministros |
| -- | Asistencia técnica |
| -- | Perforación de pozos |
| -- | Legalización |
| -- | Perfilación |
| 700 ## - ENTRADA AGREGADA--NOMBRE PERSONAL | |
| Nombre de persona | Lic. Zoot. Erwin Fernando Monterroso Trujillo |
| Término indicativo de función/relación | Asesor |
| 856 ## - LOCALIZACIÓN Y ACCESO ELECTRÓNICOS | |
| Identificador Uniforme de Recurso | <a href="https://drive.google.com/file/d/1yEAM2psDvy0TLDuH9HxPZLeQTMqouqQ_/view">https://drive.google.com/file/d/1yEAM2psDvy0TLDuH9HxPZLeQTMqouqQ_/view</a> |
| Texto de enlace | |
| Nota pública | Un ejemplar en línea. |
| 942 ## - ELEMENTOS DE ENTRADA SECUNDARIOS (KOHA) | |
| Fuente de la clasificación o esquema de estantería | Clasificación Decimal Dewey |
| Tipo de ítem Koha | TESIS |
| Parte de la signatura que identifica el ejemplar (Parte del ítem) | TZ 0033 |
| Prefijo de la signatura | Clasificación |
| Suprimir en OPAC | No |
| -- | TZ_0033_000000000000000 |
| Estatus retirado | Estado de pérdida | Fuente de la clasificación o esquema de estantería | Estado de daño | No para préstamo | Colección | Biblioteca de origen | Biblioteca actual | Ubicación en estantería | Fecha de adquisición | Número de inventario | Total de préstamos | Signatura topográfica completa | Código de barras | Visto por última vez | Precio de reemplazo | Tipo de ítem Koha |
|---|---|---|---|---|---|---|---|---|---|---|---|---|---|---|---|---|
| Clasificación Decimal Dewey | tesis | BIBLIOTECA- CUNOR -JOSÉ LUIS GONZALES ROSALES | BIBLIOTECA- CUNOR -JOSÉ LUIS GONZALES ROSALES | Colección tesis | 16/09/2025 | TZ 0033 | TZ 0033 | TZ 0033 | 16/09/2025 | 16/09/2025 | TESIS |